ბათუმის შოთა რუსთაველის სახელმწიფო უნივერსიტეტის ბიბლიოთეკა

ჩანაწერი Corporate Name

ჩანაწერთა რაოდენობა, რომელიც გამოყენებულია: 3

001 - CONTROL NUMBER

  • control field: 26706

003 - CONTROL NUMBER IDENTIFIER

  • control field: GE_BSU

005 - DATE AND TIME OF LATEST TRANSACTION

  • control field: 20260120192951.0

008 - FIXED-LENGTH DATA ELEMENTS

  • fixed length control field: 260120|| aca||aabn | a|a d

040 ## - CATALOGING SOURCE

  • Original cataloging agency: GE_BSU
  • Transcribing agency: GE_BSU

110 ## - HEADING--CORPORATE NAME

  • Corporate name or jurisdiction name as entry element: ეკონომიკისა და სამართლის ინსტიტუტი.

670 ## - SOURCE DATA FOUND

  • Source citation: Work cat.: (GE_BSU): ნუცუბიძე, ა. 20876, ხალხის მატერიალური კეთილდღეობა საქართველოს სს რესპუბლიკაში /